Marvel Cinematic Universe Charaktere Extreme - Statistiken

Allgemein
  • Dieses Quiz wurde 454 mal gespielt
  • Das Durchschnittsergebnis liegt bei 48 aus 101
Antwortstatistiken
Bildquiz Antwort % Korrekt
Iron Man / Tony Stark
99%
Hulk / Bruce Banner
94%
Thor Odinson
91%
Loki Laufeyson
90%
Black Widow / Natasha Romanoff
88%
Captain America / Steve Rogers
87%
Odin
86%
Spider-Man / Peter Parker
85%
Black Panther / T'Challa
84%
Dr. Stephen Strange
84%
Groot
84%
Ant-Man / Scott Lang
83%
Hawkeye / Clint Barton
83%
Thanos
83%
Nick Fury
82%
Winter Soldier / Bucky Barnes
82%
Falcon / Sam Wilson
81%
Vision
80%
Pepper Potts
78%
Red Skull / Johann Schmidt
77%
Rocket
77%
Star Lord / Peter Quill
77%
Ultron
77%
Happy Hogan
76%
Captain Marvel / Carol Danvers
75%
Gamora
75%
Scarlet Witch / Wanda Maximoff
73%
Howard Stark
70%
War Machine / James Rhodes
70%
Hela Odinsdottir
69%
May Parker
69%
Michelle "MJ" Jones
69%
Wasp / Hope van Dyne
69%
Drax, der Zerstörer
66%
Nebula
65%
Quicksilver / Pietro Maximoff
65%
Wong
62%
Mantis
58%
Heimdall
57%
Peggy Carter
55%
Ned Leeds
52%
Prinzessin Shuri / Black Panther
51%
Valkyrie
51%
Yondu Udonta
50%
Mysterio / Quentin Beck
49%
Collector / Taneleer Tivan
48%
Dormammu
47%
Jane Foster
47%
Agent Maria Hill
43%
Agent Phil Coulson
43%
Ego
43%
Abomination / Emil Blonsky
42%
Killmonger / Erik Stevens
41%
Mandarin / Trevor Slattery
41%
Die Älteste
40%
Ghost / Ava Starr
40%
Whiplash / Ivan Vanko
39%
Flash Thompson
38%
Hank Pym / Ant-Man
38%
Baron Zemo
36%
General Okoye
35%
Howard the Duck
35%
Justin Hammer
35%
Yellowjacket / Darren Cross
35%
Ronan, der Ankläger
34%
Arnim Zola
32%
M'Baku
31%
Taserface
31%
Thaddeus Ross
31%
The Vulture / Adrian Toomes
31%
Grandmaster
30%
Frigga
28%
Iron Monger / Obadiah Stane
28%
Lady Sif
28%
Korg
27%
Agent 13 / Sharon Carter
25%
Ulysses Klaue
25%
Crossbones / Brock Rumlow
22%
König Laufey
20%
Baron von Strucker
19%
Karl Mordo
19%
Luis
19%
Malekith, der Verfluchte
18%
Agent Everett Ross
17%
Erik Selvig
16%
Betty Ross
15%
Ebony Maw
15%
Janet van Dyne / Wasp
15%
Alexander Pierce
14%
Kaecilius
14%
Aldrich Killian
13%
Kraglin
13%
Nakia
13%
Proxima Midnight
13%
Cull Obsidian
11%
Talos
10%
Corvus Glaive
9%
Eitri
9%
Skurge
7%
Korath
6%
Yon-Rogg
6%
Keine übereinstimmenden Quizze gefunden
Verteilung der Resultate
Anzahl Personen mit jedem Resultat
Perzentil nach korrekt beantworteten Fragen
Ihre Resultats-Entwicklung
Sie haben dieses Quiz noch nicht gespielt